Surgically facilitated orthodontic therapy (Registro nro. 10875)

000 -CABECERA
Campo de control de longitud fija 03929nam a22003377a 4500
003 - IDENTIFICADOR DEL NÚMERO DE CONTROL
Campo de control OSt
005 - FECHA Y HORA DE LA ÚLTIMA TRANSACCIÓN
Campo de control 20260423153924.0
008 - CÓDIGOS DE INFORMACIÓN DE LONGITUD FIJA
Campo de control de longitud fija 260423t2023 xxu||||| |||| 00| 0 eng d
020 ## - NÚMERO INTERNACIONAL NORMALIZADO PARA LIBROS (ISBN)
Número Internacional Normalizado para Libros (ISBN) 9783030900991
020 ## - NÚMERO INTERNACIONAL NORMALIZADO PARA LIBROS (ISBN)
Número Internacional Normalizado para Libros (ISBN) 9783030900984
040 ## - FUENTE DE LA CATALOGACIÓN
Centro catalogador de origen Unicoc
Lengua de catalogación spa
Centro que cataloga Bogotá (Dr. David Ordóñez Rueda) - Campus Norte
Centro modificador Bogotá (Dr. David Ordóñez Rueda) - Campus Norte
082 ## - NÚMERO DE LA CLASIFICACIÓN DECIMAL DEWEY
Número de clasificación 617.643
100 ## - PUNTO DE ACCESO PRINCIPAL - NOMBRE DE PERSONA
9 (RLIN) 13035
Nombre de persona Mandelaris, George A.
245 ## - MENCIÓN DE TÍTULO
Título Surgically facilitated orthodontic therapy
Subtitulo o Resto del título : an interdisciplinary approach
Mención de responsabilidad etc. / George A. Mandelaris, Brian S.Vence
250 ## - MENCIÓN DE EDICIÓN
Mención de edición 1 Ed.
260 ## - PUBLICATION, DISTRIBUTION, ETC. (IMPRINT)
Lugar de publicación distribución etc. Suiza :
Nombre del editor distribuidor etc. Springer ,
Fecha de publicación distribución etc. 2023.
300 ## - DESCRIPCIÓN FÍSICA
Extensión 831 páginas
Otras características físicas Ilustraciones, diagramas, tablas, gráficas
500 ## - NOTA GENERAL
Nota general Incluye referencias bibliográficas
505 ## - NOTA DE CONTENIDO CON FORMATO
Título Part I. Embryologic basis of bone formation in the human craniofacial skeleton and its relation to malocclusion in interdisciplinary dentofacial therapy. --
-- 1. Embryologic development of the jaws. --
-- 2. Dental space deficiency syndrome: an anthropological perspective. --
-- 3. Bone. the foundation of a smile. --
-- Part II. Patient assessment, co-discovery, diagnosis and planning the vision. --
-- 4. Co-Discovery: a pathway to meaningful and essential treatment. --
-- 5. Patient assessment. --
-- 6. The IDT action plan: developing and planning the vision. --
-- 7. Sleep disordered breathing considerations and screening in patient assessment and treatment planning. --
-- 8. Role of oral and maxillofacial radiologist in contemporary interdisciplinary dentofacial therapy utilizing CBCT technology. --
-- 9. Assessing the temporomandibular joint condition in surgically facilitated orthodontic treatment planning. --
-- Part III. The orthodontic perspective. --
-- 10. The transverse dimension: CBCT treatment planning in growing children. --
-- 11. Goal-Oriented treatment planning with corticotomy-facilitated orthodontics. --
-- 12. Pre-surgical orthodontic therapy. --
-- 13. Management of skeletal class II malocclusion: historical challenges and new opportunities. --
-- 14. Distraction osteogenesis maxillary expansion (DOME) and SFOT for naso-maxillary expansion in obstructive sleep apnea (OSA). --
-- 15. 3D Orthodontic diagnosis, planning, and treatment. --
-- 16. Digitally guided orthodontic planning and simulation including implant placement. --
-- 17. Digital smile design (DSD) and surgically facilitated orthodontic therapy (SFOT). --
-- Part IV. The periodontal perspective. --
-- 18. Dentoalveolar bone in orthodontic patients: the periodontal perspective. --
-- 19. Phenotype modification therapy: new challenges and opportunities. --
-- 20. Regional acceleratory phenomenon in surgically facilitated orthodontic therapies. --
-- 21. Anesthesia pain and anxiety control for surgically facilitated orthodontic treatment procedures. --
-- 22. SFOT Surgery. --
-- 23. The use of temporary anchorage devices in surgically facilitated orthodontics. --
-- 24. Local applications of corticotomy and bone grafting for difficult orthodontic tooth movement. --
-- Part V. The Maxillofacial perspective. --
-- 25. Overview and perspective of TMJ surgery in skeletal malocclusion. --
-- 26. Surgically facilitated orthodontic treatment and orthognathic surgery. --
-- 27. Contemporary skeletal surgery for obstructive sleep apnea. --
-- Part VI. Putting it all together. case presentations. --
-- 28. Case presentations and lessons learned.
526 ## - NOTA DE INFORMACIÓN SOBRE EL PROGRAMA DE ESTUDIO
Institución que aplica el campo Unicoc
546 ## - NOTA DE LENGUA
Nota de lengua Inglés
650 #0 - PUNTO DE ACCESO ADICIONAL DE MATERIA - TÉRMINO DE MATERIA
9 (RLIN) 13036
Término de materia o nombre geográfico como elemento inicial Terapia ortodóncica
Subdivisión de forma Métodos quirúrgicos
650 #0 - PUNTO DE ACCESO ADICIONAL DE MATERIA - TÉRMINO DE MATERIA
9 (RLIN) 13037
Término de materia o nombre geográfico como elemento inicial Corticotomía alveolar
650 #0 - PUNTO DE ACCESO ADICIONAL DE MATERIA - TÉRMINO DE MATERIA
9 (RLIN) 86
Término de materia o nombre geográfico como elemento inicial Cirugía bucal
650 #0 - PUNTO DE ACCESO ADICIONAL DE MATERIA - TÉRMINO DE MATERIA
9 (RLIN) 4197
Término de materia o nombre geográfico como elemento inicial Cirugía maxilofacial
650 #0 - PUNTO DE ACCESO ADICIONAL DE MATERIA - TÉRMINO DE MATERIA
9 (RLIN) 13023
Término de materia o nombre geográfico como elemento inicial Maloclusión dentaria
Subdivisión de forma Tratamiento
658 #0 - TÉRMINO DE INDIZACIÓN - OBJETIVO CURRICULAR
9 (RLIN) 11722
Programa Académico Especialización en Ortodoncia y Ortopedia Maxilar
700 ## - PUNTO DE ACCESO ADICIONAL - NOMBRE DE PERSONA
9 (RLIN) 13034
Nombre de persona Vence, Brian S.
856 ## - LOCALIZACIÓN Y ACCESO ELECTRÓNICOS
Texto del enlace Acceso online exclusivo para comunidad Unicoc.
Identificador Uniforme del Recurso (URI) https://unicoceduco-my.sharepoint.com/:b:/g/personal/direccionbiblioteca_unicoc_edu_co/IQD-FQ7xXoYbRoZvHM3trVquAUSnN-Nyh54sX2qBY7F4tlw
942 ## - ENTRADA PARA ELEMENTOS AGREGADOS (KOHA)
Fuente de clasificación o esquema de ordenación en estanterías
Koha [por defecto] tipo de item Libro electrónico
Existencias
Fecha del precio de reemplazo Estado de pérdida Precio Localización permanente Signatura completa Fuente de adquisición Fecha última consulta Tipo de item de Koha Fecha de adquisición No para préstamo Fuente de clasificación o esquema de ordenación en estanterías Código de barras Estropeado Localización actual Código de colección
2026-04-23 200000.00Bogotá (Dr. David Ordóñez Rueda) - Campus Norte617.643Compra2026-04-23Libro electrónico2026-04-23  Ebook10875 Bogotá (Dr. David Ordóñez Rueda) - Campus NorteColeccion Online

© 2014 UNICOC | Institución Universitaria Colegios de Colombia - UNICOC
Bogotá D.C. Autopista Norte Km. 20. Teléfono:(571)6683535
Cali: Calle 13 Norte No. 3N-13. Teléfono: (572)6608887

Con tecnología de Koha